Informatizácia 1991-2000

Bibliographic Details
Main Author: Vítková, Hana (Author)
Format: Book
Language:Czech
PhysicalDescription:47 s. tab. 21 cm
Published: Bratislava Slovenská technická knižnica 1989
ISBN:8085165023
Edition:1. vyd.
Subjects:

MARC

LEADER 00000cam a2200000 a 4500
001 vtls001081370
003 SK-MaSNL
005 20260301111153.0
008 240509s1989 xo a f 00000 cze
015 |a SNBA1989/06 
020 |a 8085165023  |q (brož.) 
035 |a SNK000024208 
035 |a urn:nbn:sk:snk-amjb6j 
035 |a urn:nbn:sk:snk-am002s5y 
035 |a C2F20122-6CC9-48B8-9990-44B4EC95B658 
040 |a SNK  |b slo  |c SNK  |e AACR2 
041 0 |a cze 
044 |a xo  |c SK 
080 |a 681.3:002"1991/2000"  |2 1981 
080 |a 002"1991/2000"  |2 1981 
100 1 |a Vítková, Hana  |4 aut  |9 376703 
245 1 0 |a Informatizácia 1991-2000  |c Hana Vítková 
250 |a 1. vyd. 
260 |a Bratislava  |b Slovenská technická knižnica  |c 1989  |e Bratislava  |f Slovenská technická knižnica 
300 |a 47 s.  |b tab.  |c 21 cm 
366 |e 300 výt. 
500 |a Lit. 5. Rozmn. 5 zázn. v češ. 
504 |a Pozn. 
648 7 |a 1991-2000  |2 SNKPH  |9 284165 
650 0 7 |a informatizácia  |2 SNKPH  |9 18583 
650 0 7 |a programy a projekty  |2 SNKPH  |9 82765 
655 7 |a štúdie  |2 SNKPH  |9 57033 
919 |a 80-85165-02-3 
958 |a EUIPO 
958 |a OND 
958 |a CZ 
958 |a NB 
999 |c 705878  |d 707808 
952 |a SNK  |b SNK  |y VYP  |7 0  |p 17A0105791  |o snkSC 74288 D1  |i snkKSP 3622/89  |0 0  |1 0  |4 0  |d 1997-10-29  |f 1  |l 0  |r 2004-12-31 00:00:00  |w 2026-02-23 
952 |t  {604}  |a SNK  |b SNK  |y VYP  |7 0  |p 17A0338749  |o snkSC 74288 D2  |i snkKSP 3905/2002  |0 0  |1 0  |4 0  |d 2002-04-09  |l 0  |r 2004-12-31 00:00:00  |w 2026-02-23 
952 |a SNK  |b SNK  |y PREZ  |7 0  |p 17A0964700  |o snkSC 74288  |0 0  |1 0  |4 0  |d 2012-09-26  |l 0  |r 2025-07-30 00:00:00  |w 2026-02-23